[Event "Dhaka Powertec op-B"]
[Site "Dhaka"]
[Date "2017.07.22"]
[Round "8"]
[White "Javed, Al Azad"]
[Black "Chowdhury, Rana"]
[Result "0-1"]
[WhiteElo "1644"]
[BlackElo "1854"]
[PlyCount "102"]
[EventDate "2017.07.15"]
[EventType "swiss"]
[EventRounds "9"]
[EventCountry "BAN"]
[SourceTitle "EXT 2018"]
[Source "ChessBase"]
[SourceDate "2017.10.13"]
[SourceVersion "1"]
[SourceVersionDate "2017.10.13"]
[SourceQuality "1"]

1. e4 d6 2. d4 Nf6 3. Nc3 g6 4. f3 Bg7 5. Be3 a6 6. Qd2 b5 7. Bd3 Bb7 8. Nge2 Nbd7 9. g4 e5 10. d5 c5 11. Ng3 h5 12. gxh5 Nxh5 13. Nxh5 Rxh5 14. 0-0-0 Qa5 15. Kb1 Qc7 16. Rdg1 0-0-0 17. Rg5 Rh3 18. Rg3 Rh7 19. h4 Rdh8 20. Rgh3 Kb8 21. Qg2 Bf6 22. Bg5 Qd8 23. Bxf6 Qxf6 24. Qg4 Bc8 25. Qg3 c4 26. Bf1 Qd8 27. Qf2 Qc7 28. R3h2 Nc5 29. b4 cxb3 30. axb3 b4 31. Na2 a5 32. Nc1 a4 33. Qe3 a3 34. Na2 Qa5 35. Qd2 f5 36. Bd3 Rb7 37. Rg1 fxe4 38. fxe4 Rg8 39. Rhg2 Rh8 40. Rh2 Rg8 41. h5 Nxd3 42. cxd3 Qc5 43. Rhg2 Rb6 44. Rxg6 Rf8 45. R6g2 Qd4 46. Rc1 Ba6 47. Rd1 Rb7 48. h6 Rf6 49. Nc1 Rc7 50. Rg8+ Bc8 51. Na2 Rf2 0-1